000
00224nam a2200097Ia 4500
008
201217s9999 xx 000 0 und d
100
_a
Packard, William V.
245
0
_a
Sea - Trading : Cargoes
490
_v
Vol. 1
942
_c
BK
999
_c
7020
_d
7020